[Event "Zagreb Dan pobjede"]
[Site "Zagreb"]
[Date "2009.08.02"]
[Round "12"]
[White "Kurelac, Djuka"]
[Black "Livic, Ranko"]
[Result "1-0"]
[WhiteElo "1701"]
[BlackElo "2006"]
[PlyCount "165"]
[EventDate "2009.05.17"]
[EventType "tourn"]
[EventRounds "13"]
[EventCountry "CRO"]
[SourceTitle "EXT 2012"]
[Source "ChessBase"]
[SourceDate "2011.11.24"]
[SourceVersion "1"]
[SourceVersionDate "2011.11.24"]
[SourceQuality "1"]

1. d4 Nf6 2. Bf4 d6 3. e3 g6 4. Be2 Bg7 5. c3 c6 6. Qb3 Nbd7 7. h3 Nb6 8. Nf3 Be6 9. Qc2 Bd5 10. c4 Be4 11. Bd3 Bxd3 12. Qxd3 Na4 13. Qc2 Qa5+ 14. Nfd2 e5 15. Bh2 0-0 16. Nc3 Nxc3 17. bxc3 exd4 18. cxd4 d5 19. 0-0 b5 20. cxb5 cxb5 21. Be5 Rfc8 22. Qb2 Qa4 23. Rac1 b4 24. Rc5 Rxc5 25. dxc5 Ne8 26. Bxg7 Nxg7 27. Rc1 a5 28. Nb3 Ne6 29. Nd4 Nxd4 30. exd4 Rc8 31. Qb3 Qxb3 32. axb3 Kf8 33. Kf1 Ke7 34. Ke2 Kd7 35. f3 Kc6 36. Kd2 Kb5 37. Ra1 Rc6 38. Re1 Rc7 39. Re8 Ra7 40. Rb8+ Kc6 41. Rb6+ Kc7 42. Kc2 a4 43. Rxb4 axb3+ 44. Rxb3 Ra2+ 45. Rb2 Ra4 46. Kd3 Ra3+ 47. Ke2 Ra4 48. Rd2 f5 49. h4 h6 50. Ke3 g5 51. g3 Ra3+ 52. Rd3 f4+ 53. gxf4 gxf4+ 54. Ke2 Ra2+ 55. Rd2 Ra1 56. Kf2 Rh1 57. Kg2 Rxh4 58. Re2 Rh5 59. Re6 Rf5 60. Rxh6 Rg5+ 61. Kf2 Rf5 62. Re6 Rf7 63. Rg6 Rh7 64. Rf6 Rh2+ 65. Kf1 Rh4 66. Kg2 Rh8 67. Rxf4 Kc6 68. Kg3 Kb5 69. Kf2 Kc4 70. Kg3 Rg8+ 71. Kh4 Kd3 72. Rf7 Kxd4 73. c6 Kc5 74. c7 Kc6 75. Rf5 Rc8 76. Rf7 Kc5 77. Kg3 Kc4 78. Kf2 Kc3 79. Rd7 d4 80. Ke2 Re8+ 81. Kd1 Rc8 82. f4 Kd3 83. f5 1-0

[Event "Zagreb Dan pobjede"]
[Site "Zagreb"]
[Date "2009.07.05"]
[Round "8"]
[White "Simic, Marko"]
[Black "Kurelac, Djuka"]
[Result "1-0"]
[WhiteElo "1877"]
[BlackElo "1701"]
[PlyCount "58"]
[EventDate "2009.05.17"]
[EventType "tourn"]
[EventRounds "13"]
[EventCountry "CRO"]
[SourceTitle "EXT 2012"]
[Source "ChessBase"]
[SourceDate "2011.11.24"]
[SourceVersion "1"]
[SourceVersionDate "2011.11.24"]
[SourceQuality "1"]

1. d4 d5 2. c4 c6 3. cxd5 cxd5 4. Nc3 Nc6 5. Nf3 Nf6 6. Bf4 Nh5 7. Bg3 Nxg3 8. hxg3 g6 9. e3 a6 10. a3 e6 11. Bd3 Bg7 12. Qc2 Ne7 13. 0-0-0 Bd7 14. Kb1 Qc7 15. Rc1 Bc6 16. Qb3 Qd7 17. Rh4 Nf5 18. Bxf5 exf5 19. Rch1 h5 20. Ne5 Bxe5 21. dxe5 Qe6 22. Rd4 0-0-0 23. Rhd1 Qxe5 24. Nxd5 Rxd5 25. Rxd5 Bxd5 26. Rxd5 Qe6 27. Qc3+ Kb8 28. Qxh8+ Ka7 29. Qd4+ Kb8 1-0